| Tag |
First Indicator |
Second Indicator |
Subfields |
| LEADER |
00000cam a2200000 a 4500 |
| 001 |
in00001088521 |
| 005 |
20150929193455.0 |
| 008 |
841121s1985 ctua b 001 0 eng |
| 010 |
|
|
|a 84025307
|
| 020 |
|
|
|a 0313238928 (lib. bdg. : alk. paper)
|
| 035 |
|
|
|a (OCoLC)11531987
|
| 035 |
|
|
|9 AFT0726AM
|
| 040 |
|
|
|a DLC
|c DLC
|d UtOrBLW
|
| 043 |
|
|
|a n-us---
|
| 049 |
|
|
|a TXAM
|
| 050 |
0 |
0 |
|a HN90.V64
|b S66 1985
|
| 070 |
0 |
|
|a HN90.V64S66
|
| 072 |
|
0 |
|a X800
|
| 082 |
0 |
0 |
|a 361.3/7
|2 19
|
| 245 |
0 |
0 |
|a Social planning and human service delivery in the voluntary sector /
|c edited by Gary A. Tobin.
|
| 264 |
|
1 |
|a Westport, Conn. :
|b Greenwood Press,
|c 1985.
|
| 300 |
|
|
|a xxx, 290 pages :
|b illustrations ;
|c 22 cm.
|
| 336 |
|
|
|a text
|b txt
|2 rdacontent
|
| 337 |
|
|
|a unmediated
|b n
|2 rdamedia
|
| 338 |
|
|
|a volume
|b nc
|2 rdacarrier
|
| 490 |
1 |
|
|a Studies in social welfare policies and programs,
|x 8755-5360 ;
|v no. 1
|
| 504 |
|
|
|a Bibliography: pages [261]-276.
|
| 500 |
|
|
|a Includes index.
|
| 650 |
|
0 |
|a Voluntarism
|z United States.
|
| 650 |
|
0 |
|a Social service
|z United States.
|
| 650 |
|
0 |
|a Social planning
|z United States.
|
| 700 |
1 |
|
|a Tobin, Gary A.
|
| 830 |
|
0 |
|a Studies in social welfare policies and programs.
|x 8755-5360 ;
|v no. 1.
|
| 999 |
|
|
|a MARS
|
| 999 |
f |
f |
|s b51d1083-ceb5-3747-98f6-979e7509687b
|i adf4f262-e077-3c79-85f0-16d81f75971b
|t 0
|
| 952 |
f |
f |
|p ric
|a Texas A&M University
|b Rellis Campus
|c Joint Library Facility
|d Remote Storage
|t 0
|e HN90.V64 S66 1985
|h Library of Congress classification
|i unmediated -- volume
|m A14809281197
|
| 998 |
f |
f |
|a HN90.V64 S66 1985
|t 0
|l Remote Storage
|